000 00847nam a2200289Ia 4500
001 7056
003 DO-SdBNP
005 20240703121905.0
008 140604s2019 dr 000 0 spa d
020 _a9789945494495
040 _aBPMSU
_bspa
_cBPMSU
082 0 4 _aRD863.44
_bD542p 2019
092 _a
100 1 _aDíaz Grullón, Virgilio,
_d1924-2001
245 1 3 _aLa puntualidad del señor Martínez y otros cuentos /
_cVirgilio Díaz Grullón
260 _aSanto Domingo :
_bVicepresidencia de la República Dominicana,
_c2019
300 _a53 p. :
_bil. ;
_c20 cm.
490 0 _aBiblioteca Taller
_v78
590 _aInventariado, 2024/VM
_6
650 4 _aCuentos dominicanos
650 4 _aLliteratura dominicana
852 _t
856 _u
910 _aVMateo V. Control de calidad. BPMSU
942 _2ddc
_cBK
945 _a
999 _c14715
_d14715